Представление документа в формате RUSMARC

ПолеНазваниеЗначение
  Тип записи a
  Библиографический уровень m
001 Контрольный номер RU/SLIB/B/208711249
005 Дата корректировки 20241108122907.2
010 Индекс ISBN __
d Цена 2-00
101 Язык документа 0_
a Язык текста rus
c Язык оригинала rus
200 Заглавие и сведения об ответственности 0_
a Заглавие Избранная проза
f Первые сведения об ответственности Окуджава Б. Ш. ; худож. Л. Ламм
b Общее обозначение материала Текст
210 Выходные данные 1_
a Место издания М.
c Издательство Известия
d Дата издания 1979
215 Физическое описание __
a Объем 509 с., 1 л. портр.
c Иллюстрации/тип воспроизводства ил.
300 Общие примечания __
a Общие примечания Прил. к журн. "Дружба народов"
327 Примечание о содержании 0_
a Примечание о содержании Бедный Авросимов: роман
606 Тематические рубрики __
a Основная рубрика Художественная литература
z Хронологическая подрубрика 20 в.
y Географическая подрубрика Россия
606 Тематические рубрики __
a Основная рубрика Русская литература XX в. (произведения)
610 Ключевые слова 0_
a Ключевые слова повести; романы
686 Индексы других классификаций __
2 Код системы rubbks
a Классификационный индекс 84(2Рос=Рус)6-4
700 Автор _1
a Фамилия Окуджава
b Имя Б. Ш.
f Даты 1924-1997
g Полное личное имя Булат Шалвович
4 Код отношения 070
702 Вторичная интеллектуальная ответственность _1
a Фамилия Ламм
b Имя Л.
4 Код отношения Художник
4 Код отношения 040
801 Источник записи _0
a Страна RU
b Организация Муниципальное бюджетное учреждение культуры "Централизованная библиотечная система" г. Сургут (Центральная городская библиотека им. А. С. Пушкина)
g Правила каталогизации ОБ/Котельникова
801 Источник записи _1
a Страна RU
b Организация Муниципальное бюджетное учреждение культуры "Централизованная библиотечная система" г. Сургут (Центральная городская библиотека им. А. С. Пушкина)
g Правила каталогизации ОБ/Котельникова
852 Данные о местонахождении __
j Шифр хранения 84(2Рос=Рус)6-4
c Каталожный индекс 84(2Рос=Рус)6-4
i Авторский знак О-52
p Инвентарный номер 71744
901 Тип документа __
t Тип документа m
903 Характеристики (МАРС) __
a Дата передачи 19990505
990 Данные о заказе (DOS) 00
j Количество экземпляров (DOS) 1
t N записи в КСУ для И/У (DOS) 199901